| 000 -CABECERA |
| Longitud fija campo de control |
00875cam a22002537a 4500 |
| 003 - IDENTIFICADOR DEL NÚMERO DE CONTROL |
| Identificador del número de control |
OSt |
| 005 - FECHA Y HORA DE LA ÚLTIMA TRANSACCIÓN |
| Fecha y hora de la última transacción |
20210525115713.0 |
| 008 - CÓDIGOS DE INFORMACIÓN DE LONGITUD FIJA |
| Códigos de información de longitud fija |
190930m20189999spca||| |||| 000 0dcat|d |
| 020 ## - NÚMERO INTERNACIONAL NORMALIZADO PARA LIBROS |
| Número Internacional Normalizado para Libros (ISBN) |
9788496645479 |
| Qualifying information |
(volum 1) |
| 040 ## - FUENTE DE LA CATALOGACIÓN |
| Centro catalogador de origen |
ES-BaAHC |
| Lengua de catalogación |
cat |
| Centro transcriptor |
CDMR |
| Centro modificado |
ES-BaBC |
| 100 1# - PUNTO DE ACCESO PRINCIPAL-NOMBRE DE PERSONA |
| Nombre de persona |
Cadena, Josep M. |
| Forma desarrollada del nombre |
(Josep Maria) |
| Fechas asociadas al nombre |
1935- |
| 9 (RLIN) |
2992 |
| 245 10 - MENCIÓN DE TÍTULO |
| Título |
Gaietà Cornet |
| Mención de responsabilidad, etc. |
/ Josep Maria Cadena |
| 260 ## - PUBLICACIÓN, DISTRIBUCIÓN, ETC. (PIE DE IMPRENTA) |
| Lugar de publicación, distribución, etc. |
Barcelona : |
| Nombre del editor, distribuidor, etc. |
Àmbit, |
| Fecha de publicación, distribución, etc. |
2018- |
| 300 ## - DESCRIPCIÓN FÍSICA |
| Extensión |
vol (605 p.) : |
| Otras características físicas |
il ; |
| Dimensiones |
20 cm |
| 490 1# - MENCIÓN DE SERIE |
| Mención de serie |
Els Dibuixants del ¡Cu-Cut! |
| 505 8# - NOTA DE CONTENIDO CON FORMATO |
| Nota de contenido con formato |
Conté: 1. 1902-1903 -- 3. 1906-1907 |
| 600 17 - PUNTO DE ACCESO ADICIONAL DE MATERIA - NOMBRE DE PERSONA |
| Nombre de persona |
Cornet i Palau, Gaietà, |
| Fechas asociadas al nombre |
1878-1945 |
| Fuente de encabezamiento o te&ecute,rmino |
lemac |
| 630 07 - PUNTO DE ACCESO ADICIONAL DE MATERIA - TÍTULO UNIFORME |
| Título uniforme |
Cu-cut! (Revista) |
| Fuente del encabezamiento o término |
lemac |
| 650 #4 - PUNTO DE ACCESO ADICIONAL DE MATERIA - TÉRMINO DE MATERIA |
| Término de materia o nombre geográfico como elemento inicial |
Humorisme gràfic català |
| Subdivisión de materia general |
Història |
| Subdivisión cronológica |
S. XX |
| 650 #4 - PUNTO DE ACCESO ADICIONAL DE MATERIA - TÉRMINO DE MATERIA |
| Término de materia o nombre geográfico como elemento inicial |
Dibuixants |
| Subdivisión geográfica |
Catalunya |
| Subdivisión cronológica |
S. XX |
| 9 (RLIN) |
3384 |
| 650 #4 - PUNTO DE ACCESO ADICIONAL DE MATERIA - TÉRMINO DE MATERIA |
| Término de materia o nombre geográfico como elemento inicial |
Il·lustradors |
| Subdivisión geográfica |
Catalunya |
| Subdivisión cronológica |
S. XX |
| 700 1# - PUNTO DE ACCESO ADICIONAL - NOMBRE DE PERSONA |
| Nombre de persona |
Cornet i Palau, Gaietà, |
| Fechas asociadas al nombre |
1878-1945 |
| 942 ## - ENTRADA DE ELEMENTOS AGREGADOS (KOHA) |
| Koha [por defecto] tipo de item |
Monografies |
| Fuente de clasificaión o esquema |
|